Filtros e ideais. I /
Guardado en:
| Autor Principal: | |
|---|---|
| Formato: | Libro |
| Idioma: | Portuguese |
| Publicado: |
Rio de Janeiro :
Instituto de Matemática Pura e Aplicada do Conselho Nacional de Pesquisas,
1955.
|
| Edición: | 2a. ed. |
| Series: | Notas de matemática (Rio de Janeiro, Brasil) ;
no. 2 |
| Etiquetas: |
Agregar Etiqueta
Sin Etiquetas, Sea el primero en etiquetar este registro!
|
| LEADER | 00718nam a22001815a 4500 | ||
|---|---|---|---|
| 001 | MAT.inmabb000463 | ||
| 008 | 031210s1955####bl############000#0#por#d | ||
| 005 | 20160622173229.0 | ||
| 245 | 1 | 0 | |a Filtros e ideais. |n I / |c por Antonio Aniceto Monteiro. |
| 250 | |a 2a. ed. | ||
| 260 | |a Rio de Janeiro : |b Instituto de Matemática Pura e Aplicada do Conselho Nacional de Pesquisas, |c 1955. | ||
| 300 | |a 57 h. ; |c 28 cm. | ||
| 490 | 1 | |a Notas de matemática ; |v no. 2 | |
| 100 | 1 | |a Monteiro, Antonio A. R. |q (Antonio Aniceto Ribeiro), |d 1907-1980. | |
| 830 | 0 | |a Notas de matemática (Rio de Janeiro, Brasil) ; |v no. 2 | |
| 084 | |a 06Bxx |2 msc2000 | ||
| 859 | |h 06 |i M775-2 |p A-236 |b BIB. MATEMATICA | ||
| 859 | |h 06 |i M775-2 |p A-1003 |t Ej. 2 |b BIB. MATEMATICA | ||
